Prime Numbers - Whammies - Statistics

General Stats
  • This quiz has been taken 118 times
  • The average score is 12 of 25
Answer Stats
Order Number % Correct
1st 2
100%
2nd 3
97%
3rd 5
97%
4th 7
97%
5th 11
86%
6th 13
82%
7th 17
75%
8th 19
71%
9th 23
67%
10th 29
53%
11th 31
51%
12th 37
50%
13th 41
43%
14th 43
39%
15th 47
38%
16th 53
21%
17th 59
18%
18th 61
18%
19th 67
18%
20th 71
18%
21st 73
18%
22nd 79
18%
23rd 83
18%
24th 89
14%
25th 97
10%
No matching quizzes found
Score Distribution
Percent of People with Each Score
Percentile by Number Answered
Your Score History
You have not taken this quiz